000 00505nam a2200181Ia 4500
008 090124s9999 xx 000 0 und d
082 _b3842
100 _aगांगल वसंत
245 _a ससेमिरा
250 _a0
260 _bमनोरंजन प्रकाशन
_c1964
300 _a84
600 _aगांगल वसंत
630 _a ससेमिरा
700 _aगांगल वसंत
730 _a ससेमिरा
942 _cBOOK
999 _c83420
_d83420